000 00338nam a22001457a 4500
005 20180316053312.0
008 180316b xxu||||| |||| 00| 0 eng d
020 _a0534627951
041 _aeng
080 _27th
_a311
100 _a55
101 _aSTA
245 _aStatistics a tool for social research
_cHealey,J.F
942 _2udc
_cBK
999 _c45257
_d45257